[Event "Benidorm op U2200 10th"]
[Site "Benidorm"]
[Date "2011.12.03"]
[Round "2"]
[White "Garzon Negrete, Martin Felipe"]
[Black "Hall, Rachid"]
[Result "0-1"]
[WhiteElo "1874"]
[BlackElo "1998"]
[PlyCount "76"]
[EventDate "2011.12.02"]
[EventType "swiss"]
[EventRounds "10"]
[EventCountry "ESP"]
[SourceTitle "CBM 145 Extra"]
[Source "ChessBase"]
[SourceDate "2012.01.03"]
[SourceVersion "1"]
[SourceVersionDate "2012.01.03"]
[SourceQuality "1"]

1. Nf3 Nf6 2. b3 d5 3. Ba3 Bf5 4. Nd4 Bg6 5. e3 Nbd7 6. f4 c5 7. Nf3 e6 8. Bb5 Be7 9. 0-0 a6 10. Be2 0-0 11. Nh4 Rc8 12. Nxg6 hxg6 13. Rf3 Ne4 14. Rh3 Bf6 15. c3 b5 16. d4 Qa5 17. b4 cxb4 18. Bxb4 Qd8 19. Bxf8 Nxf8 20. Bd3 Nxc3 21. Nxc3 Rxc3 22. g4 g5 23. f5 e5 24. dxe5 Bxe5 25. Qf1 Rxd3 26. Qxd3 Bxa1 27. Rh5 Qe7 28. Kf2 Qe5 29. Qf1 d4 30. exd4 Qf4+ 31. Ke2 Qxg4+ 32. Qf3 Qxd4 33. Rxg5 Qb2+ 34. Kf1 Qc1+ 35. Kg2 Qxg5+ 36. Kh3 Be5 37. a4 Qf4 38. axb5 Qxf3+ 0-1

[Event "Benidorm op U2000 09th"]
[Site "Benidorm"]
[Date "2010.12.04"]
[Round "2"]
[White "Garzon Negrete, Martin Felipe"]
[Black "Valdezate Suarez, Fernando"]
[Result "0-1"]
[WhiteElo "1872"]
[BlackElo "1986"]
[PlyCount "102"]
[EventDate "2010.12.03"]
[EventType "swiss"]
[EventRounds "10"]
[EventCountry "ESP"]
[SourceTitle "CBM 139 Extra"]
[Source "ChessBase"]
[SourceDate "2011.01.05"]
[SourceVersion "1"]
[SourceVersionDate "2011.01.05"]
[SourceQuality "1"]

1. e4 e6 2. Bb5 c5 3. c4 Ne7 4. f4 Ng6 5. Qf3 Nc6 6. Ne2 Nd4 7. Nxd4 cxd4 8. 0-0 a6 9. Ba4 Be7 10. Bc2 0-0 11. b3 f5 12. exf5 Nh4 13. Qf2 Nxf5 14. Bb2 e5 15. Qf3 Kh8 16. Be4 Nd6 17. f5 Nxe4 18. Qxe4 d6 19. d3 Bg5 20. Na3 Bf4 21. Rf3 Bxf5 22. Qe1 Be3+ 23. Rxe3 dxe3 24. Qxe3 Qf6 25. Rf1 Qg6 26. Rf3 Bg4 27. Rg3 Qf7 28. Qe1 Bh5 29. c5 Bg6 30. Nc4 Qd5 31. cxd6 Bxd3 32. Bxe5 Rf1+ 33. Qxf1 Bxf1 34. Bxg7+ Kg8 35. Bc3+ Kf7 36. Kxf1 Qd1+ 37. Kf2 Re8 38. Rf3+ Kg6 39. Bd2 Re2+ 40. Kg3 Rxd2 41. Ne5+ Kg7 42. Rf7+ Kg8 43. Re7 Rxd6 44. h4 Rd8 45. Kh3 Qd6 46. Ng6 hxg6 47. Rxb7 Qc6 48. Rb4 Qe6+ 49. g4 Qe3+ 50. Kg2 Rd2+ 51. Kf1 Qf2# 0-1